ARRUPE JESUIT UNIVERSITY

CORONAVIRUS -STOP THE SPREAD - CLEAN,DISINFECT,COVER

The Imperial War Museum book of 1918 : (Record no. 130670)

MARC details
000 -LEADER
fixed length control field 01180cam a2200313 a 4500
001 - CONTROL NUMBER
control field 12006352
003 - CONTROL NUMBER IDENTIFIER
control field ARRUPE
005 - DATE AND TIME OF LATEST TRANSACTION
control field 20211005091223.0
008 - FIXED-LENGTH DATA ELEMENTS--GENERAL INFORMATION
fixed length control field 000513s1998 enka b 001 0 eng c
010 ## - LIBRARY OF CONGRESS CONTROL NUMBER
LC control number 00304343
015 ## - NATIONAL BIBLIOGRAPHY NUMBER
National bibliography number GB98-X2621
020 ## - INTERNATIONAL STANDARD BOOK NUMBER
International Standard Book Number 0283063076
035 ## - SYSTEM CONTROL NUMBER
System control number (OCoLC)ocm41218914
040 ## - CATALOGING SOURCE
Original cataloging agency PUL
Transcribing agency PUL
Modifying agency UKM
-- DLC
050 00 - LIBRARY OF CONGRESS CALL NUMBER
Classification number D521
Item number .B75 1998
082 00 - DEWEY DECIMAL CLASSIFICATION NUMBER
Classification number 940.4/1
Edition number 21
300 ## - PHYSICAL DESCRIPTION
Other physical details ill. ;
Dimensions 24 cm.
100 1# - MAIN ENTRY--PERSONAL NAME
Personal name Brown, Malcolm,
Dates associated with a name 1930-
9 (RLIN) 50253
245 14 - TITLE STATEMENT
Title The Imperial War Museum book of 1918 :
Remainder of title year of victory /
Statement of responsibility, etc Malcolm Brown.
246 30 - VARYING FORM OF TITLE
Title proper/short title 1918
260 ## - PUBLICATION, DISTRIBUTION, ETC. (IMPRINT)
Place of publication, distribution, etc London :
Name of publisher, distributor, etc Sidgwick & Jackson in association with the Imperial War Museum,
Date of publication, distribution, etc 1998.
300 ## - PHYSICAL DESCRIPTION
Extent xxxiii, 392 p. :
504 ## - BIBLIOGRAPHY, ETC. NOTE
Bibliography, etc Includes bibliographical references (p. [351]-378) and index.
650 #0 - SUBJECT ADDED ENTRY--TOPICAL TERM
Topical term or geographic name as entry element World War, 1914-1918
General subdivision Campaigns.
9 (RLIN) 50260
650 #0 - SUBJECT ADDED ENTRY--TOPICAL TERM
Topical term or geographic name as entry element World War, 1914-1918
General subdivision Armistices.
9 (RLIN) 50256
710 2# - ADDED ENTRY--CORPORATE NAME
Corporate name or jurisdiction name as entry element Imperial War Museum (Great Britain)
9 (RLIN) 50261
906 ## - LOCAL DATA ELEMENT F, LDF (RLIN)
a 7
b cbc
c copycat
d 3
e ncip
f 20
g y-gencatlg
942 ## - ADDED ENTRY ELEMENTS (KOHA)
Source of classification or shelving scheme Library of Congress Classification
Koha item type Monograph ( Printed materials)
Holdings
Withdrawn status Lost status Source of classification or shelving scheme Damaged status Not for loan Collection code Home library Current library Shelving location Date acquired Total Checkouts Full call number Barcode Date last seen Price effective from Koha item type
    Library of Congress Classification     Main Collection ARRUPE LIBRARY ARRUPE LIBRARY Main Collection 05/10/2021   D521 .B75 1998 46600007893 05/10/2021 05/10/2021 Monograph ( Printed materials)

 

Arrupe Library. PO Box MP320 Mt Pleasant, Harare, Zimbabwe
263 242 745411|librarian@aju.ac.zw